LEADER 00850nam0-2200313---450- 001 990005688640403321 005 20100121095829.0 035 $a000568864 035 $aFED01000568864 035 $a(Aleph)000568864FED01 035 $a000568864 100 $a19990604d1964----km-y0itay50------ba 101 1 $aita 102 $aIT 105 $ay-------001yy 200 1 $aCome si legge un libro$fMortimer J. Adler 210 $aRoma$cArmando Armando$d1964 215 $a338 p.$d22 cm 225 1 $a<>problemi della didattica$v21 610 0 $aLettura 676 $a028 700 1$aAdler,$bMortimer Jerome$f<1902-2001>$0123307 801 0$aIT$bUNINA$gRICA$2UNIMARC 901 $aBK 912 $a990005688640403321 952 $a028 ADL 1$bIST.PED. 134$fFLFBC 959 $aFLFBC 996 $aCome si legge un libro$9274273 997 $aUNINA LEADER 01226nam--2200409---450- 001 990002917930203316 005 20070508085015.0 010 $a88-420-8149-3 035 $a000291793 035 $aUSA01000291793 035 $a(ALEPH)000291793USA01 035 $a000291793 100 $a20070508d2006----km-y0itay50------ba 101 $aita 102 $aIT 105 $a||||||||001yy 200 1 $aCampagne elettorali in rete$fSara Bentivegna 210 $aBari$cLaterza$d2006 215 $aX, 147 p.$d21 cm. 225 2 $aLibri del tempo Laterza$v401 410 0$12001$aLibri del tempo Laterza$v401 454 1$12001 461 1$1001-------$12001 606 0 $aPropaganda politica$xMezzi di informazione 606 0 $aInternet$xImpiego nella propaganda politica 676 $a324.73 700 1$aBENTIVEGNA,$bSara$f<1959- >$0143414 801 0$aIT$bsalbc$gISBD 912 $a990002917930203316 951 $aIV.1. 1050$b195438 L.M.$cIV.1.$d00210247 959 $aBK 969 $aUMA 979 $aRIVELLI$b90$c20070508$lUSA01$h0847 979 $aRIVELLI$b90$c20070508$lUSA01$h0850 979 $aANNAMARIA$b90$c20151210$lUSA01$h0948 996 $aCampagne elettorali in rete$9776569 997 $aUNISA